Quizzes
Events
Quiz Creation
Community
Videos
Private Events
Remove Ads
Sign In
Join for FREE
Feedback
Dark Mode
Quiz Categories
Sports
Geography
Music
Movies
Television
Just For Fun
Miscellaneous
History
Literature
Language
Science
Gaming
Entertainment
Religion
Holiday
For Kids
Quiz Lab
Recent
Popular Today
Quiz Kudos Today
Editor Picks
Curator Picks
Quizzes by...
Day
Popularity
Type
Ratings
Length
Year
Community
Subscriptions
Recent Discussions
Orange Saloon
Badges
Playlists
Quests
Create
Leaderboards
Showdown
Live 5
Trivia Bingo
Activity
Puzzle Library
Sporcle Events
Private Events
Virtual Trivia
Globe League
Become a Host
Pub Owners
SporcleCon
Opinionation
Our Games
Videos
Blog
Mobile Apps
Partnerships
Remove Ads and Go Orange
Feedback
Sports
Athletes
MLB
NBA
NHL
NFL
Soccer
Sports Teams
WWE
NCAA
Football
Premier League
Basketball
Baseball
Hockey
Golf
Tennis
Cricket
Rugby
Auto Racing
Olympics
World Cup
Sports
Athletes
MLB
NBA
NHL
NFL
Soccer
Sports Teams
WWE
NCAA
Football
Premier League
Basketball
Baseball
Hockey
Golf
Tennis
Cricket
Rugby
Auto Racing
Olympics
World Cup
Random Quiz
Search Sporcle
×
Quiz Lab
Quiz Lab
Sports
Football
Type in answers that appear in a list
Type in answers that appear in a list
Classic
Best Score? Go Orange.
NFL 2010 Opening Day Offensive Starters Stats
Can you name the NFL 2010 Opening Day Offensive Starters?
By
Kwin
12m
160 Questions
785 Plays
785 Plays
785 Plays
Comments
Comments
Give Quiz Kudos
Give Quiz Kudos
-
- Ratings
hide this ad
More Info
Replay
Link that replays current quiz
Next Quiz
Link to next quiz in quiz playlist
You Got
0%
They Got
Avg Score
71%
Avg Friend Score
Upgrade to see
Score Distribution
Jump to the score distribution portion of the page
Score
0/160
Timer
12:00
0
Plays Today
Team
Player
% Correct
Atlanta Falcons
Matt Ryan
98.1%
Baltimore Ravens
Joe Flacco
96.9%
Buffalo Bills
Steve Johnson
95.9%
Detroit Lions
Calvin Johnson
95.9%
Houston Texans
Andre Johnson
95.9%
Tennessee Titans
Chris Johnson
95.9%
Baltimore Ravens
Ray Rice
94.9%
Carolina Panthers
Steve Smith
94.9%
New York Giants
Steve Smith
94.9%
San Francisco 49ers
Alex Smith
94.9%
Philadelphia Eagles
DeSean Jackson
94.8%
St. Louis Rams
Steven Jackson
94.8%
Arizona Cardinals
Larry Fitzgerald
94.6%
Atlanta Falcons
Roddy White
94.4%
Indianapolis Colts
Peyton Manning
94.3%
New York Giants
Eli Manning
94.3%
Green Bay Packers
Aaron Rodgers
94%
Dallas Cowboys
Felix Jones
93.9%
Atlanta Falcons
Michael Turner
93.8%
Atlanta Falcons
Tony Gonzalez
93.8%
Carolina Panthers
DeAngelo Williams
93.5%
Chicago Bears
Jay Cutler
93.5%
Dallas Cowboys
Roy Williams
93.5%
Miami Dolphins
Ricky Williams
93.5%
Seattle Seahawks
Mike Williams
93.5%
Tampa Bay Buccaneers
Cadillac Williams
93.5%
Tampa Bay Buccaneers
Mike Williams
93.5%
Baltimore Ravens
Anquan Boldin
92%
Houston Texans
Matt Schaub
91.8%
New England Patriots
Tom Brady
91.3%
Cincinnati Bengals
Carson Palmer
91.1%
Detroit Lions
Matthew Stafford
90.1%
Indianapolis Colts
Reggie Wayne
89.3%
New Orleans Saints
Drew Brees
89.3%
Dallas Cowboys
Tony Romo
88.9%
Buffalo Bills
Trent Edwards
88.5%
Indianapolis Colts
Dallas Clark
88.4%
New York Jets
Braylon Edwards
88.4%
Denver Broncos
Kyle Orton
88.3%
Arizona Cardinals
Derek Anderson
87.8%
Houston Texans
Arian Foster
87.8%
Jacksonville Jaguars
Maurice Jones-Drew
87.5%
Chicago Bears
Matt Forte
87.4%
Green Bay Packers
Greg Jennings
87.4%
Minnesota Vikings
Adrian Peterson
87.3%
New England Patriots
Randy Moss
87.3%
Washington Redskins
Santana Moss
87.3%
Indianapolis Colts
Joseph Addai
87.1%
Jacksonville Jaguars
David Garrard
87.1%
Minnesota Vikings
Brett Favre
86.8%
Philadelphia Eagles
Kevin Kolb
86.8%
San Diego Chargers
Philip Rivers
86.6%
Baltimore Ravens
Todd Heap
85.9%
Green Bay Packers
Donald Driver
85.6%
Team
Player
% Correct
Kansas City Chiefs
Matt Cassel
85.6%
New York Jets
Mark Sanchez
85.4%
New England Patriots
Wes Welker
84.7%
Dallas Cowboys
Jason Witten
84.1%
New Orleans Saints
Marques Colston
83.9%
Philadelphia Eagles
LeSean McCoy
83.9%
Cincinnati Bengals
Chad Ochocinco
83.8%
St. Louis Rams
Sam Bradford
83.8%
Kansas City Chiefs
Jamaal Charles
83.2%
Kansas City Chiefs
Dwayne Bowe
83.2%
New Orleans Saints
Pierre Thomas
83.2%
Jacksonville Jaguars
Mike Thomas
83.1%
New York Jets
LaDainian Tomlinson
83.1%
Green Bay Packers
Ryan Grant
82.9%
Pittsburgh Steelers
Hines Ward
82.9%
Arizona Cardinals
Tim Hightower
82.7%
Miami Dolphins
Chad Henne
82.7%
Cincinnati Bengals
Terrell Owens
82.3%
Cincinnati Bengals
Cedric Benson
82%
Dallas Cowboys
Miles Austin
81.8%
Miami Dolphins
Brandon Marshall
81.5%
Buffalo Bills
C.J. Spiller
81.4%
Pittsburgh Steelers
Rashard Mendenhall
81.1%
Cleveland Browns
Jake Delhomme
80.8%
Seattle Seahawks
Matt Hasselbeck
80.8%
Oakland Raiders
Jason Campbell
80.6%
Oakland Raiders
Darren McFadden
80.3%
San Diego Chargers
Antonio Gates
80%
Washington Redskins
Donovan McNabb
80%
San Francisco 49ers
Frank Gore
79.9%
Oakland Raiders
Zach Miller
79.7%
Pittsburgh Steelers
Heath Miller
79.7%
Carolina Panthers
Matt Moore
79.5%
San Francisco 49ers
Vernon Davis
78.7%
Denver Broncos
Knowshon Moreno
76.9%
New York Giants
Ahmad Bradshaw
76.7%
Indianapolis Colts
Austin Collie
76.1%
Chicago Bears
Greg Olsen
75.4%
Chicago Bears
Devin Hester
75.2%
Tennessee Titans
Vince Young
75%
Tampa Bay Buccaneers
Josh Freeman
74.6%
Philadelphia Eagles
Jeremy Maclin
74.5%
Jacksonville Jaguars
Mercedes Lewis
74.3%
Minnesota Vikings
Greg Lewis
74.3%
Arizona Cardinals
Steve Breaston
73.8%
New Orleans Saints
Jeremy Shockey
73.5%
Detroit Lions
Jahvid Best
73.2%
San Francisco 49ers
Michael Crabtree
72.1%
Philadelphia Eagles
Brent Celek
71.6%
Pittsburgh Steelers
Mike Wallace
71.3%
Buffalo Bills
Lee Evans
70.8%
Green Bay Packers
Jermichael Finley
70.7%
Minnesota Vikings
Percy Harvin
70.4%
Washington Redskins
Clinton Portis
69.6%
Team
Player
% Correct
Pittsburgh Steelers
Dennis Dixon
68.7%
New York Giants
Kevin Boss
68.2%
Jacksonville Jaguars
Mike Sims-Walker
67.6%
Chicago Bears
Johnny Knox
66.9%
Denver Broncos
Brandon Lloyd
66.9%
Cleveland Browns
Jerome Harrison
65.9%
New York Giants
Mario Manningham
65.1%
San Diego Chargers
Ryan Mathews
65.1%
New Orleans Saints
Devery Henderson
64.8%
Minnesota Vikings
Visanthe Shiancoe
64.7%
New York Jets
Dustin Keller
62.3%
Atlanta Falcons
Michael Jenkins
60.6%
Houston Texans
Kevin Walter
60.6%
San Diego Chargers
Malcolm Floyd
60.3%
Oakland Raiders
Darrius Heyward-Bey
59.5%
Tampa Bay Buccaneers
Kellen Winslow
58%
Washington Redskins
Chris Cooley
57.5%
New York Jets
Jerricho Cotchery
54.8%
Denver Broncos
Eddie Royal
53.4%
Miami Dolphins
Davone Bess
52.9%
Cincinnati Bengals
Jermaine Gresham
52.7%
New England Patriots
Fred Taylor
51.5%
Detroit Lions
Nate Burleson
50.6%
Tennessee Titans
Nate Washington
50.4%
Miami Dolphins
Anthony Fasano
49.7%
Seattle Seahawks
Justin Forsett
46.9%
Cleveland Browns
Mohammad Massaquoi
46.6%
Cleveland Browns
Benjamin Watson
43.3%
Kansas City Chiefs
Chris Chambers
42.9%
St. Louis Rams
Mark Clayton
42.5%
St. Louis Rams
Danny Amendola
42.5%
Oakland Raiders
Louis Murphy
41.9%
New England Patriots
Alge Crumpler
39.1%
Kansas City Chiefs
Tony Moeaki
37.6%
Denver Broncos
Daniel Graham
36.6%
Houston Texans
Owen Daniels
36.2%
Seattle Seahawks
John Carlson
34.8%
Detroit Lions
Tony Scheffler
34.6%
San Francisco 49ers
Josh Morgan
32.9%
Baltimore Ravens
Derrick Mason
30.4%
Tennessee Titans
Justin Gage
30.2%
Tennessee Titans
Bo Scaife
28.8%
San Diego Chargers
Legedu Naanee
24.8%
Carolina Panthers
Dante Rosario
19.5%
Washington Redskins
Anthony Armstrong
19%
Carolina Panthers
Dwayne Jarrett
18.2%
Cleveland Browns
Brian Robiskie
13.9%
Arizona Cardinals
Ben Patrick
12.6%
Seattle Seahawks
Deion Butler
9.3%
Tampa Bay Buccaneers
Sammie Stroughter
5.6%
Buffalo Bills
Jonathan Stupar
4.8%
St. Louis Rams
Billy Bajema
4.2%
Quiz Playlist
Details
Report
Send in Message
Add To Playlist
More Info:
Name the offensive starters for each team from Week 1 of the 2010 NFL Season.
Classic:
Type in answers that appear in a list
Quiz Source
Last Updated: Feb 16, 2017
Quiz Scoreboard
CHALLENGE
Sign Up to Join the Scoreboard
Show All
Scores
Hide
Comments
May contain spoilers
Recently Published
Movies - When Are They Set?
by FPL_Elf
Movies
5m
Popular People in 1961
by mucciniale
History
6m
1-10 Letter E Words III
by El_Dandy
Language
2m
More to Explore
Quiz From the Vault
Featured Blog Post
Where Did the Easter Bunny Come From?
hide this ad
You Might Also Like...
Tags
Football Quiz
NFL Quiz
2010
Football Starters
Player
Starter
Today's Top Quizzes in Sports
Browse Sports
hide this ad
Today's Top Quizzes in Football
Browse Football
Top Contributed Quizzes in Sports
1
Les meilleurs buteurs des matchs entre le PSG et l’OM
2
Les entraîneurs de l'OM et du PSG au 21e siècle
3
FIFA Club World Cup Champions
4
2022 World Cup Stars
5
Name the Premier League winners with different clubs
6
La finale Lions - Afrique du Sud 2021
7
Criteria MLB: Left Handed Sluggers
8
Players with Multiple 50 Home Run Seasons
9
MLB Players with Two .350 Batting Average Seasons
10
MLB Hall of Famer by Rings
Explore More
Trending Topics
NBA
Marvel
Disney
Harry Potter
Anime
Kpop
Crossword
Puzzle
NFL
WWE
Pokémon
Soccer
Country
Song
The Office
hide this ad
More By:
Kwin
Quiz
Plays
Rating
Category
Featured
Created
MLB NL East 2000s HR Leaders
8,291
4.30
Sports
Dec 1, 2010
MLB AL West 2000s HR Leaders
4,200
4.40
Sports
Dec 21, 2010
MLB AL Central 2000s HR Leaders
3,958
4.47
Sports
Dec 21, 2010
MLB AL East 2000s HR Leaders
2,544
4.54
Sports
Dec 19, 2010
MLB NL Central 2000s HR Leaders
1,798
4.44
Sports
Dec 6, 2010
Go to Creator's Profile
Score Distribution
Quiz Creator Spotlight
Kwin
Follow
Send a Message
Quizzes Created
-
Created Quiz Play Count
-
More By This Creator
Popular Quizzes Today
1
Find the US States - No Outlines Minefield
2
Find the Countries of Europe - No Outlines Minefield
3
The Countries of the World
4
Popular People in 1961
5
1-10 Letter E Words III
6
US States
7
Find the US States
8
One Thing in Common: World Cities II
More Sports Quizzes
All about... Dallas Mavericks
Quiz Lab
Trending Quizzes
Risky Map Clicking: Least Populous States A-Z
1-10 Letter F Words
1-10 Letter G Words
One Thing in Common: United Kingdom
Risky Map Clicking: Next State Alphabetically
Recently Updated
Leaping Animals
pecheneg
Reality TV Shows (A-Z)
bhenderson79
Rickey Henderson's Hall of Fame Teammates
pecheneg
Champions League XIs: Arsenal
pecheneg
Quick Pick: Celebrities in WWE's Hall of Fame
aduchscher
A-Z Keypad Blitz II
pecheneg
Multiple Oscar Actors
pecheneg
Mystery Phrase Blitz: Oscar 'Best Actors'
pecheneg
F. Scott Fitzgerald Novels
LTH
Pick 3 Villains
ddd62291
Trending Topics
Crossword
Kpop
Marvel
NBA
Harry Potter
Disney
Anime
Pokémon
WWE
Song
Country
Soccer
NFL
The Office
Puzzle
Your Account Isn't Verified!
In order to create a playlist on Sporcle, you need to verify the email address you used during registration. Go to your
Sporcle Settings
to finish the process.
Report this User
Report this user for behavior that violates our
Community Guidelines
.
Details:
Send Report
Go to the Sporcle.com Mobile Site →
Comments